[Event "Sparkassen Chess Trophy 2024 A-Open"]
[Site "Dortmund"]
[Date "2024.08.13"]
[Round "4"]
[White "Lin, Yi"]
[Black "Kurt, Sascha"]
[Result "0-1"]
[WhiteElo "1950"]
[BlackElo "2064"]
[PlyCount "100"]
[EventDate "2024.08.10"]

1. e4 c5 2. Nf3 d6 3. d3 g6 4. g3 Bg7 5. Bg2 Nc6 6. O-O e6 7. Re1 Nge7 8. c3 O-O 9. Be3 b6 10. d4 Bb7 11. Qd2 cxd4 12. cxd4 Na5 13. Bh6 Nc4 14. Qc1 Rc8 15. Bxg7 Kxg7 16. b3 Ne5 17. Qe3 Nxf3+ 18. Bxf3 e5 19. dxe5 dxe5 20. Nd2 Nc6 21. Nc4 Qe7 22. Rad1 Rcd8 23. Qc3 Nd4 24. Nd2 Rc8 25. Nc4 Rfd8 26. Bg4 Rc7 27. Qb2 h5 28. Be2 b5 29. Ne3 Bxe4 30. Bxb5 Nf3+ 31. Kf1 Nxh2+ 32. Kg1 Nf3+ 33. Kf1 Nh2+ 34. Kg1 Nf3+ 35. Kf1 Rb8 36. Bd3 Bxd3+ 37. Rxd3 Nxe1 38. Kxe1 Qc5 39. Qe2 f6 40. Nc4 Qe7 41. Kf1 Rd8 42. Rxd8 Qxd8 43. g4 hxg4 44. Qxg4 Qd4 45. Qg3 Qe4 46. Qh3 Qb1+ 47. Kg2 Qxa2 48. Nd6 Re7 49. Qg3 Qc2 50. Qg4 Qc6+ 0-1

[Event "Sparkassen Chess Trophy 2024 A-Open"]
[Site "Dortmund"]
[Date "2024.08.13"]
[Round "4"]
[White "Herrmann, Jakob"]
[Black "Sprenger de la Iglesia, Yevgeni"]
[Result "1-0"]
[WhiteElo "2065"]
[BlackElo "1973"]
[PlyCount "89"]
[EventDate "2024.08.10"]

1. Nf3 d5 2. g3 c5 3. Bg2 g6 4. c3 Bg7 5. d4 cxd4 6. cxd4 Nf6 7. O-O O-O 8. Ne5 Nc6 9. Nxc6 bxc6 10. Nc3 Nd7 11. Qa4 Qb6 12. Be3 Qa6 13. Rfd1 Rb8 14. Qc2 e5 15. Bh3 exd4 16. Bxd4 Bxd4 17. Rxd4 Qb6 18. Qd1 Qxb2 19. Na4 Qa3 20. Bxd7 Bxd7 21. Qd2 Rfc8 22. Rc1 c5 23. Rc3 Qxc3 24. Nxc3 cxd4 25. Qxd4 Bh3 26. f3 Be6 27. g4 a5 28. Kf2 Rb4 29. Qe5 Rbc4 30. Nb5 R4c5 31. Nd6 Ra8 32. Ne4 Rcc8 33. Nf6+ Kf8 34. Nxh7+ Ke7 35. Nf6 Rd8 36. f4 Kf8 37. f5 gxf5 38. gxf5 Ke7 39. fxe6 fxe6 40. Kf3 Rac8 41. h4 Rc1 42. Kg2 Rc4 43. h5 Kf7 44. Nh7 Rg8+ 45. Ng5+ 1-0

[Event "Sparkassen Chess Trophy 2024 A-Open"]
[Site "Dortmund"]
[Date "2024.08.13"]
[Round "4"]
[White "Dornieden, Jonas"]
[Black "Harringer, Manfred"]
[Result "1-0"]
[WhiteElo "2075"]
[BlackElo "1963"]
[PlyCount "55"]
[EventDate "2024.08.10"]

1. e4 e5 2. Nf3 Nc6 3. Bb5 a6 4. Ba4 Nf6 5. Nc3 b5 6. Bb3 Bc5 7. a4 b4 8. Nd5 O-O 9. O-O h6 10. c3 bxc3 11. bxc3 Ba7 12. d4 d6 13. Qd3 Re8 14. Nxf6+ Qxf6 15. Bd5 Bd7 16. Qc4 Na5 17. Qxc7 Qd8 18. Qxd6 Bc6 19. Qxd8 Raxd8 20. Bxc6 Nxc6 21. d5 Na5 22. Nd2 f5 23. Rd1 f4 24. Ba3 Rc8 25. Bb4 Nc4 26. Nxc4 Rxc4 27. d6 Bd4 28. Ba5 1-0

[Event "Sparkassen Chess Trophy 2024 A-Open"]
[Site "Dortmund"]
[Date "2024.08.13"]
[Round "4"]
[White "Lishoy Gengis Paratazham, Dildara"]
[Black "Schaller, Fabian"]
[Result "0-1"]
[WhiteElo "1962"]
[BlackElo "2086"]
[PlyCount "108"]
[EventDate "2024.08.10"]

1. c4 Nf6 2. Nf3 c5 3. Nc3 Nc6 4. g3 g6 5. Bg2 Bg7 6. O-O O-O 7. d3 d5 8. cxd5 Nxd5 9. Bd2 b6 10. Nxd5 Qxd5 11. Bc3 Bb7 12. Ne5 Qd6 13. Nxc6 Bxc6 14. Bxg7 Kxg7 15. Bxc6 Qxc6 16. Qc2 Qd5 17. Qc3+ f6 18. a3 e5 19. Rfd1 Rf7 20. b4 Rc8 21. Rdc1 e4 22. Qc4 Qxc4 23. Rxc4 exd3 24. exd3 Rd7 25. Rc3 Kf7 26. Rac1 Rdc7 27. Kf1 Ke6 28. Rc4 Kd6 29. b5 Re7 30. a4 Kd5 31. a5 Rce8 32. axb6 axb6 33. Ra4 Re5 34. h4 h5 35. Rd1 R8e6 36. Rc1 Re2 37. g4 Rb2 38. gxh5 gxh5 39. Rf4 Rxb5 40. Rf5+ Re5 41. Rxf6 Rb4 42. f4 Re3 43. Rf5+ Kd4 44. Rxh5 Rf3+ 45. Ke2 Rxf4 46. Rc2 Rg4 47. Rh6 Rg2+ 48. Kd1 Rb1+ 49. Rc1 Rg1+ 50. Kd2 Rgxc1 51. Rd6+ Ke5 52. Rd8 Rh1 53. Rh8 Rb2+ 54. Ke3 Rh3# 0-1

[Event "Sparkassen Chess Trophy 2024 A-Open"]
[Site "Dortmund"]
[Date "2024.08.13"]
[Round "4"]
[White "Schloesser, Alexander"]
[Black "Zwirs, Jasper"]
[Result "1/2-1/2"]
[WhiteElo "1975"]
[BlackElo "2088"]
[PlyCount "82"]
[EventDate "2024.08.10"]

1. d4 d5 2. Bf4 Nf6 3. e3 e6 4. Nf3 Be7 5. Bd3 c5 6. c3 Nc6 7. Nbd2 O-O 8. Ne5 Nxe5 9. dxe5 Ne8 10. Qh5 f5 11. Nf3 Bd7 12. h4 Nc7 13. Ng5 h6 14. Qg6 Bxg5 15. Bxg5 Qe8 16. Qxe8 Raxe8 17. Bf4 Bb5 18. Bc2 a5 19. a4 Bc6 20. f3 c4 21. Rg1 Na6 22. g4 Kh8 23. g5 h5 24. g6 d4 25. exd4 Bxf3 26. Rg3 Bg4 27. b3 Rc8 28. bxc4 Rxc4 29. Rb1 Nc5 30. dxc5 Rxf4 31. Rxb7 Bf3 32. Rb6 Bd5 33. Rg5 Rxh4 34. Bd1 Rh1+ 35. Kd2 Kg8 36. c6 Rh4 37. Be2 Bc4 38. c7 Bxe2 39. Kxe2 Rc4 40. Kd3 Rxc7 41. Rxh5 Rfc8 1/2-1/2

[Event "Sparkassen Chess Trophy 2024 A-Open"]
[Site "Dortmund"]
[Date "2024.08.13"]
[Round "4"]
[White "Conrad, Joachim"]
[Black "Beisteiner, Joachim"]
[Result "0-1"]
[WhiteElo "1994"]
[BlackElo "2089"]
[PlyCount "48"]
[EventDate "2024.08.10"]

1. d4 d5 2. Nf3 Nf6 3. e3 c5 4. dxc5 e6 5. b4 a5 6. c3 axb4 7. cxb4 b6 8. Bb5+ Bd7 9. Bxd7+ Nbxd7 10. a4 bxc5 11. b5 e5 12. Bb2 Qc7 13. Nbd2 e4 14. Ng1 Bd6 15. f4 d4 16. Nc4 Nb6 17. Nxd6+ Qxd6 18. exd4 Nc4 19. Bc3 Ne3 20. Qe2 cxd4 21. Nh3 Qc5 22. Kf2 d3 23. Qd2 Nd1+ 24. Kg3 Nxc3 0-1

[Event "Sparkassen Chess Trophy 2024 A-Open"]
[Site "Dortmund"]
[Date "2024.08.13"]
[Round "4"]
[White "Stoll, Lucia"]
[Black "Zimmermann, Luc"]
[Result "1/2-1/2"]
[WhiteElo "1984"]
[BlackElo "2095"]
[PlyCount "56"]
[EventDate "2024.08.10"]

1. e4 e6 2. d4 d5 3. Nc3 Nf6 4. e5 Nfd7 5. f4 c5 6. Nf3 Nc6 7. Be3 Be7 8. Qd2 a6 9. Bd3 b5 10. a3 c4 11. Be2 f6 12. exf6 Nxf6 13. O-O O-O 14. Ne5 Qc7 15. Bf3 Bb7 16. Ng4 Bd6 17. g3 Ne7 18. Nxf6+ Rxf6 19. Kg2 Bc6 20. h4 Raf8 21. Ne2 Be8 22. h5 Nf5 23. Bf2 Kh8 24. Rh1 Be7 25. g4 Nd6 26. Bh4 R6f7 27. Bxe7 Qxe7 28. Qe3 Bc6 1/2-1/2

[Event "Sparkassen Chess Trophy 2024 A-Open"]
[Site "Dortmund"]
[Date "2024.08.13"]
[Round "4"]
[White "Malinowsky, Levi"]
[Black "Oest, Thorsten"]
[Result "1-0"]
[WhiteElo "2006"]
[BlackElo "1977"]
[PlyCount "91"]
[EventDate "2024.08.10"]

1. Nf3 c5 2. b3 Nf6 3. Bb2 d5 4. e3 Nc6 5. Bb5 Bg4 6. h3 Bh5 7. g4 Bg6 8. Bxc6+ bxc6 9. Ne5 Qc7 10. d3 Nd7 11. f4 f6 12. Nxg6 hxg6 13. Nd2 e5 14. Qf3 Bd6 15. e4 d4 16. f5 g5 17. a4 Ke7 18. a5 Nb8 19. Nc4 Na6 20. Bc1 Rab8 21. Bd2 Qd8 22. Ke2 Bc7 23. Rag1 Nb4 24. Kd1 Qe8 25. h4 gxh4 26. Qf2 Qf7 27. Rxh4 Rbg8 28. g5 Kd7 29. Rgh1 Rxh4 30. Rxh4 Bd8 31. Qh2 Qe8 32. Rh7 Be7 33. Be1 Na2 34. Bh4 Rh8 35. Bg3 Rxh7 36. Qxh7 Qf8 37. gxf6 Nc3+ 38. Ke1 gxf6 39. Bxe5 fxe5 40. Nxe5+ Kd6 41. Ng6 Qe8 42. e5+ Kd7 43. f6 Ke6 44. Qh3+ Kd5 45. Qf5 Bxf6 46. Nf4# 1-0

[Event "Sparkassen Chess Trophy 2024 A-Open"]
[Site "Dortmund"]
[Date "2024.08.13"]
[Round "4"]
[White "Slanina, Aaron"]
[Black "Metzdorf, Matteo"]
[Result "1-0"]
[WhiteElo "2001"]
[BlackElo "2098"]
[PlyCount "135"]
[EventDate "2024.08.10"]

1. e4 c5 2. Nf3 e6 3. d4 cxd4 4. Nxd4 a6 5. Bd3 Bc5 6. Nb3 Ba7 7. Nc3 Nc6 8. Qg4 Nf6 9. Qg3 d6 10. h4 Ne5 11. Be3 Nh5 12. Qh3 Nxd3+ 13. cxd3 e5 14. Qf3 Bxe3 15. Qxh5 Ba7 16. Qe2 Be6 17. Nd2 O-O 18. Nc4 d5 19. exd5 Bxd5 20. Nxd5 Qxd5 21. O-O f6 22. b3 Rfd8 23. Rfd1 Qd4 24. g3 Rac8 25. Rac1 b5 26. Ne3 Bb6 27. Nf5 Qd7 28. Qg4 Rxc1 29. Rxc1 g6 30. Rc6 Bxf2+ 31. Kxf2 Qxf5+ 32. Qxf5 gxf5 33. Rxf6 Rxd3 34. Rxa6 Kf7 35. Rh6 Kg7 36. Re6 e4 37. Re5 Rd2+ 38. Ke3 Rd3+ 39. Ke2 Rxg3 40. Rxf5 b4 41. Rf4 Rg2+ 42. Ke3 Rxa2 43. Rxe4 Rh2 44. Rxb4 Rh3+ 45. Kd2 h5 46. Kc2 Kf6 47. Rc4 Ke6 48. Kb2 Kd6 49. Ka3 Rf3 50. Ka4 Rf8 51. b4 Ra8+ 52. Kb3 Re8 53. Rc5 Rh8 54. Rg5 Kc6 55. Kc4 Kb6 56. Rg6+ Kb7 57. Kc5 Rh7 58. b5 Rf7 59. Rg5 Rh7 60. Kd6 Kc8 61. Ke6 Kc7 62. Kf6 Rd7 63. Rg7 Rxg7 64. Kxg7 Kb6 65. Kg6 Kxb5 66. Kxh5 Kc6 67. Kg6 Kd7 68. Kg7 1-0

[Event "Sparkassen Chess Trophy 2024 A-Open"]
[Site "Dortmund"]
[Date "2024.08.13"]
[Round "4"]
[White "Holzwarth, Felix"]
[Black "Diduh, Ihor"]
[Result "0-1"]
[WhiteElo "1991"]
[BlackElo "2058"]
[PlyCount "84"]
[EventDate "2024.08.10"]

1. e4 Nf6 2. e5 Nd5 3. d4 d6 4. c4 Nb6 5. exd6 cxd6 6. Nc3 g6 7. Be3 Bg7 8. Rc1 O-O 9. b3 Nc6 10. d5 Nb8 11. Nf3 e6 12. dxe6 fxe6 13. Be2 d5 14. Bg5 Bf6 15. Bxf6 Rxf6 16. O-O Nc6 17. cxd5 exd5 18. Nd4 Bd7 19. Bb5 Rc8 20. Bxc6 bxc6 21. b4 Qe7 22. a3 Rcf8 23. Nb3 Rf4 24. Nc5 Bg4 25. Qe1 Qf7 26. f3 Bc8 27. Ne2 Re8 28. Qf2 Rc4 29. Nd4 Rxc1 30. Rxc1 Qf6 31. Ncb3 Nc4 32. Qg3 Ba6 33. Qc7 Qg5 34. h3 Ne3 35. Qh2 Bc4 36. h4 Qf6 37. Qc7 Bxb3 38. Nxb3 Qb2 39. Qg3 Qxb3 40. h5 Nc4 41. hxg6 Qe3+ 42. Kh2 Qh6+ 0-1

[Event "Sparkassen Chess Trophy 2024 A-Open"]
[Site "Dortmund"]
[Date "2024.08.13"]
[Round "4"]
[White "Mainka, Gregor"]
[Black "Van Amerongen, Arjen"]
[Result "1/2-1/2"]
[WhiteElo "2210"]
[BlackElo "2011"]
[PlyCount "55"]
[EventDate "2024.08.10"]

1. Nf3 g6 2. e4 Bg7 3. d4 d6 4. c3 Nf6 5. Bd3 O-O 6. O-O Nbd7 7. Re1 e5 8. Bg5 h6 9. Bh4 Qe8 10. Nbd2 Nh5 11. a4 g5 12. Bg3 Nxg3 13. hxg3 Qe7 14. Nc4 Re8 15. Bc2 Nf8 16. Ne3 Ng6 17. Nh2 Be6 18. d5 Bd7 19. Qh5 Qf8 20. Nhg4 Ne7 21. f3 Rec8 22. Kf2 Be8 23. Rh1 f6 24. Nxh6+ Kh7 25. Nf7+ Kg8 26. Nh6+ Kh7 27. Nf7+ Kg8 28. Nh6+ 1/2-1/2

[Event "Sparkassen Chess Trophy 2024 A-Open"]
[Site "Dortmund"]
[Date "2024.08.13"]
[Round "4"]
[White "Della Sala, Bruno"]
[Black "Steinmetzer, Thomas"]
[Result "0-1"]
[WhiteElo "2010"]
[BlackElo "2215"]
[PlyCount "126"]
[EventDate "2024.08.10"]

1. e4 e5 2. Bc4 Nf6 3. d3 Nc6 4. Nc3 Na5 5. Nf3 Nxc4 6. dxc4 Bb4 7. Bd2 Bxc3 8. Bxc3 d6 9. Qd3 b6 10. O-O-O Bb7 11. Rhe1 Qd7 12. h3 O-O-O 13. g4 Qc6 14. Nd2 Rdf8 15. b3 Qe8 16. Nf1 h5 17. g5 Nd7 18. Bb4 Qe6 19. h4 f5 20. Ng3 fxe4 21. Nxe4 Rf4 22. f3 Rhf8 23. Re3 Bxe4 24. Rxe4 Rxf3 25. Re3 Qh3 26. Rxf3 Qxf3 27. Qg6 Qf7 28. Qd3 Nb8 29. Bd2 Nc6 30. c3 Qf5 31. Qd5 Kd7 32. Re1 Qf3 33. Kc2 Qxd5 34. cxd5 Ne7 35. c4 Ng6 36. Rh1 Rf3 37. Rh2 c6 38. dxc6+ Kxc6 39. Bc1 Nf4 40. Bxf4 Rxf4 41. Kd3 a5 42. Rh3 Kd7 43. Ke3 Ke6 44. Rh1 a4 45. Rh2 axb3 46. axb3 b5 47. cxb5 Rb4 48. Kd3 Rxb3+ 49. Kc4 Rb1 50. Ra2 d5+ 51. Kc5 d4 52. Ra6+ Kf5 53. Rd6 Ke4 54. b6 d3 55. Rd7 Ke3 56. Rxg7 d2 57. Rd7 d1=Q 58. Rxd1 Rxd1 59. b7 Rd8 60. Kc6 Kf4 61. Kc7 Rg8 62. b8=Q Rxb8 63. Kxb8 Kf5 0-1

[Event "Sparkassen Chess Trophy 2024 A-Open"]
[Site "Dortmund"]
[Date "2024.08.13"]
[Round "4"]
[White "Mainka, Romuald"]
[Black "Padilla Garcia, Cecilia Xasive"]
[Result "1/2-1/2"]
[WhiteElo "2370"]
[BlackElo "1950"]
[PlyCount "83"]
[EventDate "2024.08.10"]

1. e4 c5 2. Nf3 d6 3. c3 Nf6 4. Be2 Nc6 5. d3 g6 6. O-O Bg7 7. Re1 O-O 8. Bf1 e5 9. Na3 a6 10. Nc2 d5 11. exd5 Nxd5 12. g3 Bg4 13. h3 Be6 14. Bg2 h6 15. d4 exd4 16. cxd4 Qb6 17. Re4 Bf5 18. dxc5 Qxc5 19. Nd2 Ndb4 20. Nxb4 Bxe4 21. Nxa6 Qc2 22. Qxc2 Bxc2 23. Nc7 Ra5 24. Nd5 Rfa8 25. a3 Rd8 26. Ne3 Bd3 27. Kh2 Rb5 28. a4 Rb4 29. Nd5 Rd4 30. Nc3 Rb4 31. Ra3 Bc2 32. a5 Na7 33. Na2 Rb5 34. b4 Rd3 35. Bf1 Rxa3 36. Bxa3 Rd5 37. Nc4 Bb3 38. Nc1 Rd1 39. Ne3 Rxf1 40. Nxf1 Bc2 41. Ne3 Be4 42. Nb3 1/2-1/2

[Event "Sparkassen Chess Trophy 2024 A-Open"]
[Site "Dortmund"]
[Date "2024.08.13"]
[Round "4"]
[White "Reinhardt, Johannes"]
[Black "Neumair, Jerome"]
[Result "1/2-1/2"]
[WhiteElo "1925"]
[BlackElo "2091"]
[PlyCount "79"]
[EventDate "2024.08.10"]

1. d4 Nf6 2. Nf3 d5 3. g3 Bf5 4. Bg2 h6 5. c4 c6 6. Qb3 Qb6 7. c5 Qxb3 8. axb3 Na6 9. Bd2 Nd7 10. b4 g5 11. Bc3 Nc7 12. O-O Bg7 13. Re1 a6 14. Nbd2 O-O-O 15. Nb3 Nb5 16. e3 Rhe8 17. Bf1 Kc7 18. Ra2 g4 19. Nh4 Bc2 20. Na5 e5 21. Rc1 exd4 22. Bxd4 Nxd4 23. exd4 Bh7 24. Nb3 Re7 25. Ng2 Rde8 26. Ne3 h5 27. Rca1 Bh6 28. Na5 Bxe3 29. fxe3 Rxe3 30. Nxb7 Kxb7 31. Rxa6 Kc7 32. b5 cxb5 33. Ra7+ Kd8 34. c6 Nb6 35. R1a6 Re1 36. Rxb6 Rxf1+ 37. Kxf1 Bd3+ 38. Kf2 Re2+ 39. Kg1 Re1+ 40. Kf2 1/2-1/2

[Event "Sparkassen Chess Trophy 2024 A-Open"]
[Site "Dortmund"]
[Date "2024.08.13"]
[Round "4"]
[White "Hirzel, Cedric"]
[Black "Riechenberg, Sebastian"]
[Result "1-0"]
[WhiteElo "2116"]
[BlackElo "1951"]
[PlyCount "55"]
[EventDate "2024.08.10"]

1. d4 Nf6 2. c4 e6 3. Nf3 d5 4. Nc3 c5 5. cxd5 Nxd5 6. e4 Nxc3 7. bxc3 cxd4 8. cxd4 Bb4+ 9. Bd2 Bxd2+ 10. Qxd2 O-O 11. Bc4 Nd7 12. O-O b6 13. Rfe1 Bb7 14. Rad1 Nf6 15. d5 exd5 16. exd5 Qd6 17. h3 Rfd8 18. Nd4 Qc5 19. Bb3 h6 20. Nf5 Rd7 21. Rc1 Qf8 22. d6 Ne4 23. Qf4 Nxd6 24. Rcd1 Rad8 25. Rxd6 Rxd6 26. Nxd6 Rxd6 27. Bxf7+ Kh7 28. Bg6+ 1-0

[Event "Sparkassen Chess Trophy 2024 A-Open"]
[Site "Dortmund"]
[Date "2024.08.13"]
[Round "4"]
[White "Giacomini, Hector"]
[Black "Goldinov, Daniel"]
[Result "1-0"]
[WhiteElo "2125"]
[BlackElo "1989"]
[PlyCount "89"]
[EventDate "2024.08.10"]

1. Nf3 Nf6 2. e3 e6 3. d4 c5 4. Bd3 Nc6 5. Nbd2 Be7 6. O-O O-O 7. c3 cxd4 8. exd4 d5 9. Re1 a6 10. a4 Rb8 11. Qe2 Qc7 12. Nf1 Na5 13. Bg5 h6 14. Bh4 Nh5 15. Bxe7 Qxe7 16. Qe5 g6 17. Qxd5 exd5 18. Rxe7 Nf4 19. Re3 Nxd3 20. Rxd3 Bf5 21. Rdd1 Nc4 22. b3 Nd6 23. Ne3 Be4 24. Ne5 Rbc8 25. Rac1 Rfd8 26. f3 f6 27. fxe4 fxe5 28. Nxd5 Kg7 29. dxe5 Nxe4 30. e6 Nxc3 31. Rxc3 Rxd5 32. Rxd5 Rxc3 33. Rd7+ Kf6 34. e7 Kf7 35. Rxb7 a5 36. h4 h5 37. Kf2 Rd3 38. Ke2 Rg3 39. Kf2 Rc3 40. g3 Rd3 41. Rb6 Kxe7 42. Rxg6 Rxb3 43. Rg8 Rb2+ 44. Kf3 Rb3+ 45. Kg2 {Erfassung abgebrochen - unleserlich} 1-0

[Event "Sparkassen Chess Trophy 2024 A-Open"]
[Site "Dortmund"]
[Date "2024.08.13"]
[Round "4"]
[White "Zamengo, Bruno"]
[Black "Lang, Daniel"]
[Result "1-0"]
[WhiteElo "1932"]
[BlackElo "2138"]
[PlyCount "67"]
[EventDate "2024.08.10"]

1. e4 c5 2. Nf3 Nc6 3. d4 cxd4 4. Nxd4 e6 5. Nc3 a6 6. Be2 Qc7 7. O-O Nf6 8. Re1 Nxd4 9. Qxd4 Bd6 10. h3 Bh2+ 11. Kh1 Be5 12. Qd3 Bxc3 13. bxc3 d5 14. exd5 Nxd5 15. c4 Ne7 16. Bb2 O-O 17. Bg4 Nc6 18. Rad1 e5 19. Bf3 Rd8 20. Bxe5 Rxd3 21. Bxc7 Rxd1 22. Rxd1 Bf5 23. Rb1 Bc8 24. c3 Kf8 25. Bd6+ Ke8 26. c5 Ra7 27. Bc7 Bd7 28. Kg1 Bc8 29. Kf1 Kd7 30. Bf4 Nd8 31. Rd1+ Ke8 32. Bc7 Ne6 33. Bb6 Ra8 34. c6 1-0

[Event "Sparkassen Chess Trophy 2024 A-Open"]
[Site "Dortmund"]
[Date "2024.08.13"]
[Round "4"]
[White "Matsumura, Cocoro"]
[Black "Guo, Philipp Ziming"]
[Result "1-0"]
[WhiteElo "1999"]
[BlackElo "2146"]
[PlyCount "72"]
[EventDate "2024.08.10"]

1. e4 c5 2. Nf3 d6 3. d4 cxd4 4. Nxd4 Nf6 5. Nc3 a6 6. Bg5 e6 7. Qf3 Nbd7 8. O-O-O Qc7 9. g4 Be7 10. Bd2 Ne5 11. Qe2 Nc6 12. Nxc6 bxc6 13. g5 Nd7 14. f4 Bb7 15. f5 O-O-O 16. fxe6 fxe6 17. Bh3 e5 18. Rhf1 Rdf8 19. Qg4 Kd8 20. Nd5 cxd5 21. Ba5 Nc5 22. Bxc7+ Kxc7 23. exd5 Bc8 24. Qg2 Bxh3 25. Qxh3 Bxg5+ 26. Kb1 Rf4 27. Rxf4 Bxf4 28. Qf5 Rd8 29. Qxh7 Rd7 30. b4 g5 31. Qh3 Na4 32. Qa3 Nb6 33. Qxa6 Nc8 34. Rd3 Kb8 35. Rc3 Rb7 36. Qc6 Nb6 1-0

[Event "Sparkassen Chess Trophy 2024 A-Open"]
[Site "Dortmund"]
[Date "2024.08.13"]
[Round "4"]
[White "Kummerow, Heiko"]
[Black "Stegert, Jonas"]
[Result "1-0"]
[WhiteElo "2117"]
[BlackElo "1945"]
[PlyCount "77"]
[EventDate "2024.08.10"]

1. e4 c6 2. d4 d5 3. e5 c5 4. dxc5 e6 5. a3 Bxc5 6. b4 Be7 7. Nf3 a5 8. b5 f6 9. Bb2 Nd7 10. Bd3 Nh6 11. O-O Nf7 12. exf6 Bxf6 13. Bxf6 Qxf6 14. Nbd2 O-O 15. c4 Nc5 16. Nb3 Nxb3 17. Qxb3 d4 18. Nd2 Qf4 19. Qc2 Ng5 20. Ne4 h6 21. Nxg5 Qxg5 22. Rae1 e5 23. Be4 Bf5 24. Qe2 Rad8 25. Bxb7 d3 26. Qd1 Qe7 27. Bd5+ Rxd5 28. cxd5 Qxa3 29. Rxe5 Qb2 30. Qa1 Qd2 31. b6 Qf4 32. Re7 Qg5 33. Qe5 d2 34. b7 Kh7 35. f4 Qg4 36. h3 Qg3 37. Qd4 Bd3 38. Re3 Rxf4 39. Qxd3+ 1-0

[Event "Sparkassen Chess Trophy 2024 A-Open"]
[Site "Dortmund"]
[Date "2024.08.13"]
[Round "4"]
[White "Tomasjan, Samuel"]
[Black "Weigand, Anton"]
[Result "1-0"]
[WhiteElo "2011"]
[BlackElo "2115"]
[PlyCount "101"]
[EventDate "2024.08.10"]

1. e4 c5 2. c3 d5 3. exd5 Nf6 4. Nf3 Nxd5 5. Bc4 e6 6. O-O Be7 7. d4 cxd4 8. Nxd4 O-O 9. Qe2 Bf6 10. Rd1 Qb6 11. Bxd5 exd5 12. Be3 Re8 13. Qb5 Rd8 14. Qxb6 axb6 15. Nb5 d4 16. cxd4 Nc6 17. N1c3 Nb4 18. d5 Nc2 19. Bxb6 Nxa1 20. Bxd8 Bxd8 21. Rxa1 Bd7 22. Nd4 Kf8 23. Kf1 Ke7 24. Rd1 Kd6 25. Nf3 f5 26. Nd4 Ba5 27. Nde2 b5 28. Nb1 Rc8 29. Nd4 Bb6 30. Nc6 Ra8 31. Na3 Bxc6 32. dxc6+ Kxc6 33. Nc2 Bc5 34. a3 g6 35. b4 Bb6 36. Rd3 Re8 37. Nd4+ Bxd4 38. Rxd4 Ra8 39. Rd3 Re8 40. f3 g5 41. Kf2 f4 42. g3 Re7 43. Kg2 Re2+ 44. Kh3 Re5 45. gxf4 gxf4 46. Kg4 Re3 47. Rd4 Rxa3 48. Kxf4 Rc3 49. h4 Rc4 50. Ke5 Rc1 51. f4 1-0

[Event "Sparkassen Chess Trophy 2024 A-Open"]
[Site "Dortmund"]
[Date "2024.08.13"]
[Round "4"]
[White "Frayna, Janelle Mae"]
[Black "Ravikumar, Pranava"]
[Result "1-0"]
[WhiteElo "2162"]
[BlackElo "1991"]
[PlyCount "85"]
[EventDate "2024.08.10"]

1. e4 c5 2. Nc3 a6 3. g3 b5 4. Bg2 Bb7 5. Nge2 g6 6. O-O Bg7 7. d4 cxd4 8. Nxd4 d6 9. a4 bxa4 10. Rxa4 Nd7 11. Be3 Nc5 12. Rb4 Rb8 13. Re1 Ba8 14. Rxb8 Qxb8 15. Qa1 Nf6 16. b4 Ncd7 17. Qxa6 O-O 18. Qb5 Qc7 19. Nd5 Nxd5 20. exd5 Rb8 21. Qa4 Nb6 22. Qb3 Nc4 23. Nc6 Nxe3 24. Rxe3 Re8 25. c4 Kf8 26. Qa4 Bb7 27. Ra3 e6 28. h3 exd5 29. cxd5 Qc8 30. Qb5 Re1+ 31. Kh2 Bxc6 32. Qxc6 Qxc6 33. dxc6 Rc1 34. Bd5 Bd4 35. Rf3 f5 36. g4 Be5+ 37. Kg2 f4 38. b5 Ke7 39. b6 Kd8 40. Rb3 Kc8 41. c7 f3+ 42. Bxf3 d5 43. b7+ 1-0

[Event "Sparkassen Chess Trophy 2024 A-Open"]
[Site "Dortmund"]
[Date "2024.08.13"]
[Round "4"]
[White "Menzel, Maximilian"]
[Black "Steinle, Carsten"]
[Result "1/2-1/2"]
[WhiteElo "2164"]
[BlackElo "2017"]
[PlyCount "45"]
[EventDate "2024.08.10"]

1. d4 e6 2. Nf3 Nf6 3. g3 b6 4. Bg2 Bb7 5. O-O c5 6. c4 cxd4 7. Qxd4 Be7 8. Nc3 O-O 9. Rd1 d6 10. b3 Nbd7 11. Bb2 a6 12. Qf4 Qc7 13. Rac1 Rac8 14. h3 Nc5 15. e4 Rfd8 16. g4 Ncxe4 17. Nxe4 Nxe4 18. Qe3 Nf6 19. g5 Nd7 20. h4 Qc6 21. Ne1 Qc7 22. Nf3 Qc6 23. Ne1 1/2-1/2

[Event "Sparkassen Chess Trophy 2024 A-Open"]
[Site "Dortmund"]
[Date "2024.08.13"]
[Round "4"]
[White "Sheng, Ming"]
[Black "Gluma, Christian"]
[Result "0-1"]
[WhiteElo "2035"]
[BlackElo "2091"]
[PlyCount "90"]
[EventDate "2024.08.10"]

1. e4 c6 2. d4 d5 3. exd5 cxd5 4. Bd3 Nc6 5. c3 Qc7 6. h3 Nf6 7. Nf3 g6 8. O-O Bf5 9. Re1 Bxd3 10. Qxd3 Bg7 11. Ne5 Nd7 12. Nxd7 Qxd7 13. Bf4 O-O 14. Nd2 Rfc8 15. Nb3 b6 16. a4 Nd8 17. Bg3 a5 18. Nd2 e6 19. Ra3 Nb7 20. Qb5 Qxb5 21. axb5 Bf8 22. Ra2 Bd6 23. Bh4 Bf4 24. Nb1 Nd6 25. Na3 a4 26. Be7 Ra7 27. Bxd6 Bxd6 28. Nc2 Ra5 29. Rb1 Rxb5 30. Rba1 Rb3 31. Ne3 a3 32. Nd1 axb2 33. Rb1 Ba3 34. Kf1 Rcxc3 35. Nxc3 Rxc3 36. Rxa3 Rc1+ 37. Ke2 Rxb1 38. Rb3 Rg1 39. Rxb2 Rxg2 40. Kf1 Rg5 41. Rxb6 Kg7 42. Ra6 Rh5 43. Kg2 Rh4 44. Ra4 e5 45. Rb4 Rxd4 0-1

[Event "Sparkassen Chess Trophy 2024 A-Open"]
[Site "Dortmund"]
[Date "2024.08.13"]
[Round "4"]
[White "Meuer, David"]
[Black "Lyutsinger, Iren"]
[Result "0-1"]
[WhiteElo "2087"]
[BlackElo "2176"]
[PlyCount "62"]
[EventDate "2024.08.10"]

1. e4 c5 2. c3 d5 3. exd5 Nf6 4. d4 Nxd5 5. Nf3 cxd4 6. cxd4 g6 7. Nc3 Bg7 8. Qb3 e6 9. Bc4 Nxc3 10. bxc3 O-O 11. O-O Qc7 12. Ba3 Rd8 13. d5 b5 14. Bxb5 exd5 15. Nd4 a6 16. Ba4 Bd7 17. Rac1 Bxa4 18. Qxa4 Nd7 19. Qc6 Rac8 20. Qxa6 Be5 21. h3 Ra8 22. Qc6 Rxa3 23. Qxc7 Bxc7 24. Nb5 Ra5 25. Nxc7 Rc8 26. Nxd5 Rxd5 27. Rfd1 Rxc3 28. Rxd5 Rxc1+ 29. Kh2 Nc5 30. Kg3 Rc2 31. f3 Na4 0-1

[Event "Sparkassen Chess Trophy 2024 A-Open"]
[Site "Dortmund"]
[Date "2024.08.13"]
[Round "4"]
[White "Eckert, Marius"]
[Black "Harutyunyan, Hovhannes"]
[Result "0-1"]
[WhiteElo "2129"]
[BlackElo "1992"]
[PlyCount "140"]
[EventDate "2024.08.10"]

1. c4 c5 2. g3 e6 3. Bg2 Ne7 4. d3 g6 5. h4 h5 6. Bg5 Bg7 7. Nc3 f6 8. Bf4 d6 9. e4 Nbc6 10. Nge2 e5 11. Be3 O-O 12. Qd2 a6 13. O-O Rb8 14. f4 b5 15. b3 Nd4 16. fxe5 dxe5 17. Nd5 bxc4 18. bxc4 Bg4 19. Nxd4 cxd4 20. Bh6 Nxd5 21. exd5 Qd6 22. Rab1 Qa3 23. Bxg7 Kxg7 24. Be4 Qc5 25. Kh2 Qa3 26. Qc2 f5 27. Bg2 f4 28. gxf4 Rxb1 29. Qxb1 Be2 30. Re1 Bxd3 31. Qb7+ Rf7 32. Qb8 exf4 33. Qe5+ Kh7 34. Qe6 Qf8 35. Bf3 Bxc4 36. Be4 Rf6 37. Qe5 Qd6 38. Qxh5+ Kg7 39. Qf3 Bxa2 40. Rc1 Qe5 41. Rc2 Bb1 42. Re2 Bxe4 43. Rxe4 Qb8 44. h5 d3 45. h6+ Kf7 46. h7 Rf5 47. Rb4 Qxb4 48. h8=Q Qd2+ 49. Kh3 Rh5+ 50. Qhxh5 gxh5 51. Qxh5+ Kf6 52. Qh6+ Ke5 53. Qe6+ Kd4 54. Qb6+ Kxd5 55. Qb7+ Kd4 56. Qb6+ Kc3 57. Qa5+ Kc2 58. Qa4+ Kb1 59. Qb3+ Kc1 60. Qa3+ Kd1 61. Qa4+ Ke2 62. Kg4 Qe3 63. Qxa6 Kf2 64. Qa2+ d2 65. Kf5 Kf1 66. Qa1+ Qe1 67. Qa6+ Qe2 68. Qc6 Qh5+ 69. Kxf4 Qh2+ 70. Ke3 Qf2+ 0-1

[Event "Sparkassen Chess Trophy 2024 A-Open"]
[Site "Dortmund"]
[Date "2024.08.13"]
[Round "4"]
[White "Fronda, Jan Jodilyn"]
[Black "Pipiras, Filipa Fortuna"]
[Result "1-0"]
[WhiteElo "2089"]
[BlackElo "2192"]
[PlyCount "83"]
[EventDate "2024.08.10"]

1. e4 c5 2. c3 d5 3. exd5 Qxd5 4. d4 Nc6 5. Nf3 Nf6 6. dxc5 Qxd1+ 7. Kxd1 Bf5 8. Bb5 O-O-O+ 9. Ke2 e5 10. Be3 Ng4 11. b4 Nxe3 12. fxe3 f6 13. Nbd2 Be7 14. e4 Bd7 15. Bd3 g6 16. Nc4 f5 17. Ne3 Rhf8 18. Rhd1 Be6 19. Bc4 Bd7 20. Bd5 fxe4 21. Bxe4 Bf5 22. Nxf5 gxf5 23. Bxc6 bxc6 24. Nxe5 Rde8 25. Kf3 Bg5 26. Nc4 Re6 27. Rd6 Rxd6 28. Nxd6+ Kd7 29. Rd1 Kc7 30. c4 h6 31. Rd3 Kb8 32. b5 cxb5 33. Nxb5 Be7 34. Rd5 Rd8 35. Kf4 Bg5+ 36. Kxf5 Rf8+ 37. Ke6 Rf2 38. Rf5 Re2+ 39. Kd5 Be7 40. Re5 Rd2+ 41. Kc6 Bd6 42. Re8# 1-0